Paroles bet u wanna - Sabrina Carpenter - Statistiques

Statistiques générales
  • Ce quiz a été pris 4 fois
  • Le résultat moyen est 253 sur 349
Statistiques - réponses
Hint Réponse % Correct
I
100%
me
100%
to
100%
Couplet 1 Told
100%
told
100%
you
100%
Pré-Refrain You
100%
your
100%
about
75%
And
75%
and
75%
Bet
75%
bet
75%
between
75%
But
75%
can't
75%
could
75%
Refrain Didn't
75%
didn't
75%
down
75%
dry
75%
even
75%
go
75%
goodbye
75%
hate
75%
i'll
75%
I'm
75%
Is
75%
it
75%
keep
75%
left
75%
let
75%
miss
75%
Now
75%
now
75%
now)
75%
on
75%
only
75%
reminiscing
75%
said
75%
still
75%
that
75%
the
75%
think
75%
touch
75%
wanna
75%
way
75%
when
75%
When
75%
why
75%
yeah
75%
you're
75%
all
50%
All
50%
are
50%
babe
50%
baby
50%
back
50%
been
50%
'bout
50%
called
50%
Couplet 2 Chase
50%
chase
50%
cold
50%
control
50%
day
50%
don't
50%
empty
50%
fears?
50%
feeding
50%
Feel
50%
feels
50%
found
50%
friends
50%
gone
50%
have
50%
holdin'
50%
Hurts
50%
If
50%
if
50%
It's
50%
know
50%
lies
50%
light
50%
lights
50%
love
50%
of
50%
off
50%
Oh
50%
(oh
50%
other
50%
out
50%
reach
50%
right
50%
satisfied
50%
saw
50%
say
50%
see
50%
side
50%
Slowly
50%
slowly
50%
so
50%
sold
50%
space
50%
stay
50%
That's
50%
there
50%
time
50%
touché
50%
unfolding
50%
wasting
50%
what
50%
who
50%
you'd
50%
(ah)
25%
Aucun quiz correspondant
Distribution des résultats
% des personnes avec chaque résultat
Percentile par nombre de réponses
Votre historique - résultats
Vous n’avez pas pris ce quiz